000
00290nam a22001337a 4500
020
_a
978-1-84488-579-8
082
_a
823
_b
HIL/S
100
_a
HILL, ERIC
245
_a
SPOT AND HIS GRANDMA
260
_a
LONDON
_b
LADY BIRD
300
_a
17
650
_a
ENGLISH SHORT STORY
_z
UK
942
_c
BK
999
_c
2639
_d
2639